000 00837nam a22002297a 4500
003 OSt
005 20250507152119.0
008 250507b ||||| |||| 00| 0 spa d
020 _a9789585505056
040 _cCO-Mq BPB
041 _aspa
082 _aAN
_bHESd
100 _aHesse, Hermann
_d1877-1962
_eautor
245 _aDemian
264 _aBogotá;
_bComcosur,
_c2020
300 _a148 páginas;
_bTapa rustica
_c21 cm
521 _a"La vida de todo hombre es un camino hacia sí mismo, la tentatividad de un camino, la huella de un sendero. Ningún hombre ha sido por completo él mismo; pero todos aspiran a llegar a serlo, oscuramente unos, más claramente otros, cada uno como puede."
650 _aLiteratura universal
650 _aFicción literaria
700 _aManzanares, Manuel
_etraductor
942 _2ddc
_cBKLIT
999 _c15935
_d15935